[Event "Osijek-ch op"]
[Site "Osijek"]
[Date "2011.02.25"]
[Round "4"]
[White "Zrno, Mijo"]
[Black "Grbavac, Toni"]
[Result "1-0"]
[WhiteElo "1629"]
[BlackElo "1691"]
[PlyCount "87"]
[EventDate "2011.02.24"]
[EventType "swiss"]
[EventRounds "7"]
[EventCountry "CRO"]
[SourceTitle "EXT 2012"]
[Source "ChessBase"]
[SourceDate "2011.11.24"]
[SourceVersion "1"]
[SourceVersionDate "2011.11.24"]
[SourceQuality "1"]

1. e4 d6 2. d4 Nf6 3. Nc3 g6 4. h3 Bg7 5. Nf3 0-0 6. Bd3 e5 7. d5 c6 8. Bg5 Qb6 9. Rb1 Ne8 10. 0-0 f5 11. dxc6 bxc6 12. Be3 Qd8 13. a3 fxe4 14. Bxe4 d5 15. Nxd5 Nd6 16. Nc3 Nxe4 17. Nxe4 Qxd1 18. Rfxd1 Bf5 19. Nfd2 Rd8 20. g4 Rxd2 21. gxf5 Rxc2 22. Rd8+ Kf7 23. fxg6+ hxg6 24. Bc5 Ke6 25. Bd6 Rc4 26. f3 Rd4 27. Rxb8 Rxb8 28. Bxb8 a6 29. Ba7 Rd5 30. a4 Kf5 31. Kf2 Bh6 32. Be3 Bf4 33. Bxf4 Kxf4 34. Ke2 Rd8 35. Rc1 Rb8 36. Rxc6 Rxb2+ 37. Nd2 Kg3 38. Rxg6+ Kxh3 39. Rxa6 Ra2 40. a5 Kg3 41. Ra8 Kf4 42. a6 Kf5 43. a7 Ke6 44. Re8+ 1-0

[Event "Osijek-ch op"]
[Site "Osijek"]
[Date "2011.02.25"]
[Round "3"]
[White "Zrno, Mijo"]
[Black "Vlaicevic, Marko"]
[Result "0-1"]
[WhiteElo "1629"]
[BlackElo "1706"]
[PlyCount "29"]
[EventDate "2011.02.24"]
[EventType "swiss"]
[EventRounds "7"]
[EventCountry "CRO"]
[SourceTitle "EXT 2012"]
[Source "ChessBase"]
[SourceDate "2011.11.24"]
[SourceVersion "1"]
[SourceVersionDate "2011.11.24"]
[SourceQuality "1"]

1. e4 c6 2. d4 d5 3. e5 Bf5 4. Bd3 Bxd3 5. Qxd3 e6 6. c3 Ne7 7. Nf3 g6 8. 0-0 Bg7 9. Bg5 0-0 10. Nbd2 Nd7 11. h3 Re8 12. Nh2 Qc7 13. Ng4 Rac8 14. Qf3 Nf5 15. Bf4 0-1